| 000 | 01238nam0a22002771 4500 | ||
|---|---|---|---|
| 001 | rc\4083821 | ||
| 005 | 20250611083639.0 | ||
| 021 |
_aRU _b[49-3900] |
||
| 035 | _a(NLR Aleph) 008127616 | ||
| 090 |
_a9403328 _c9403328 |
||
| 100 | _a20130415d1948 |||y0rusy50 ca | ||
| 101 | 0 | _arus | |
| 102 | _aRU | ||
| 105 | _ay j |||a| | ||
| 200 | 1 |
_aСоветский исторический роман _eСтенограмма публичной лекции, прочит. в Центр. лектории О-ва в Москве _fВсесоюз. о-во по распространению полит. и науч. знаний |
|
| 210 |
_aМосква _c[Правда] _d1948 _gТип. им. Сталина |
||
| 215 |
_a39 с. _d22 |
||
| 300 | _aПеред загл. авт.: канд. филол. наук С.М. Петров | ||
| 608 |
_aИсторический роман, советский _2psbo |
||
| 700 | 1 |
_aПетров _bС. М. _cд-р филол. наук, литературоведение _f1905-1988 _gСергей Митрофанович _9169910 _3RU\NLR\AUTH\770169960 |
|
| 801 | 0 |
_aRU _bNLR _gpsbo |
|
| 801 | 1 |
_aRU _bELAR _2rusmarc |
|
| 852 |
_aNLR _jЛ20 Г-6/82 |
||
| 852 |
_aNLR _jКрII/4689 |
||
| 942 | _cBOOK | ||
| 980 | _aNB | ||